| 000 | 00646nam a2200217Ia 4500 | ||
|---|---|---|---|
| 003 | GCL | ||
| 008 | 140319s9999 xx 000 0 ara d | ||
| 040 |
_aGCL / _cGCL |
||
| 082 | 0 | 4 |
_a371.302814 _bع م |
| 100 | 1 | _aعبداللطيف فؤاد ابراهيم | |
| 245 | 1 | 0 |
_aمرشد تمرين المدرس / _cعبداللطيف فؤاد ابراهيم |
| 700 | 1 | _aمحمد ابراهيم كاظم | |
| 260 |
_a[S.N] : _bمكتبة مصر ، _c1987 |
||
| 300 | _a208 ص | ||
| 490 | _a | ||
| 650 | 0 | 4 | _aطرق التدريس |
| 650 | 0 | 4 | _aالتربية |
| 650 | 0 | 4 | _aالتدريس |
| 650 | 0 | 4 | _aدراسة وتعلم |
| 942 |
_2ddc _cBK |
||
| 999 |
_c53305 _d53305 |
||